000 00309 a2200145 4500
001 148830
040 _cEscola São Tomás de Aquino
100 _aQUEIRÓS, Bartolomeu Campos de
240 1 0 _aAh!
_lpor
245 1 0 _aAh!
300 _a39
362 0 _a2007
697 _a*LITERATURA INFANTO
942 _cBK
999 _c148830
_d148830